| 000 | 00348nam a2200121Ia 4500 | ||
|---|---|---|---|
| 008 | 210430s9999 xx 000 0 und d | ||
| 082 | _a668.9 A5321 A | ||
| 100 |
_aL.S. Bark, N S Allen _9127709 |
||
| 245 |
_aAnalysis of Polymer Systems / _cL.S. Bark |
||
| 260 |
_aLondon _bApplied Science Publishers LTD _c1982 |
||
| 300 | _a311 | ||
| 942 |
_cBK _2ddc |
||
| 999 |
_c562057 _d562057 |
||